000 00560nam a2200181Ia 4500
008 240925s9999 xx 000 0 und d
020 _a471362093
082 _a004.22 ENG
100 _aEnglander, Irv
245 4 _aThe Architecture of Computer Hardware and Systems software an Information Technology approach
250 _aNA
260 _aNew York:
_bJohn Wiley & Sons
_c,2002.
300 _axxiii,856p.
_bNA
_fPhotocopy
500 _aIncludes Index
600 _aComputer Science
650 _aComputer science, information & general works
942 _cBK
999 _c7173
_d7173